Seattle Mariners 2024 Opening Day Lineup - Statistics

General Stats
  • This quiz has been taken 46 times
  • The average score is 8 of 10
Answer Stats
Position Player % Correct
CF Julio Rodriguez
100%
C Cal Raleigh
97%
SS J.P. Crawford
87%
2B Jorge Polanco
84%
SP Luis Castillo
84%
1B Ty France
82%
3B Josh Rojas
74%
RF Mitch Haniger
74%
DH Mitch Garver
66%
LF Dominic Canzone
50%
No matching quizzes found
Score Distribution
Percent of People with Each Score
Percentile by Number Answered
Your Score History
You have not taken this quiz